00772nam a2200169Ia 4500008004100000020001800041082001800059100002200077245007700099260003500176300001000211650005300221952010700274952010200381952010200483999001700585120629s9999 xx 000 0 und d a970-240-292-6 a628.144 S687e aSolís, Leopoldo aLa escasez, el costo y el precio del agua en México / Leopoldo Solís aMéxico : El Colegio Nacional a59 p. a1. AGUA \ 2. ABASTECIMIENTO DE AGUA - MEXICOÌ 00104070a15b15d2010-08-23l1o628.144 S687Ep15 003754r2017-12-07s2017-11-22t1w2012-06-28yLB 00102lcc4070a07b07d2012-11-06l0oGB711 S54 2005 p07 003448r2012-11-06t1w2012-11-06yLB 00102lcc4070a13b13d2010-08-23l0o628.144 S687Ep13 005073r2025-04-16t1w2012-06-28yLBf c77395d77395